All Baltimore Neighborhoods - Statistics

General Stats
  • This quiz has been taken 74 times
  • The average score is 29 of 238
Answer Stats
# Neighborhood Pop. % Correct
14 Fells Point 10,898
77%
90 Federal Hill 2,623
71%
93 Inner Harbor 2,535
66%
39 Downtown 5,197
63%
15 Canton 10,826
60%
34 Pigtown 5,503
60%
81 Mount Vernon 2,861
57%
20 Charles Village 8,267
51%
25 Hampden 6,867
51%
123 Locust Point 1,858
51%
207 Little Italy 637
49%
60 Greektown 3,560
43%
12 Roland Park 15,213
43%
96 Highlandtown 2,481
40%
33 Mount Washington 5,589
40%
9 Bolton Hill 18,403
37%
16 Brooklyn 9,951
37%
2 Patterson Park 50,433
37%
11 Butcher's Hill 16,160
34%
36 Cherry Hill 5,464
34%
37 Middle East 5,352
34%
62 Waverly 3,551
34%
31 Guilford 5,895
31%
143 Brewers Hill 1,509
29%
211 Curtis Bay 597
29%
10 Remington 16,299
29%
35 Riverside 5,474
29%
222 Bayview 506
26%
21 Glen 7,867
26%
152 Jonestown 1,361
26%
40 Ednor Gardens 5,194
23%
125 Penn North 1,832
23%
173 Pimlico 1,145
23%
32 Reservoir Hill 5,600
23%
54 Upper Fells Point 3,810
23%
149 Woodberry 1,408
23%
84 Barclay 2,697
20%
197 Belvedere 730
20%
104 Better Waverly 2,301
20%
67 Homeland 3,156
20%
64 Tuscany-Canterbury 3,419
20%
184 Abell 903
17%
13 Belair-Edison 14,706
17%
44 Berea 4,597
17%
177 Charles North 1,067
17%
22 Cheswolde 7,197
17%
156 Cold Spring 1,308
17%
205 Cross Keys 681
17%
8 Greenmount West 21,010
17%
139 Harwood 1,575
17%
46 Lauraville 4,536
17%
19 Oldtown 8,683
17%
171 Patterson Place 1,160
17%
233 Sabina-Mattfeldt 204
17%
5 South Baltimore 34,947
17%
23 Baltimore Highlands 7,019
14%
202 Cedarcroft 712
14%
144 Druid Heights 1,505
14%
192 Hoes Heights 790
14%
29 Howard Park 6,126
14%
28 Loch Raven 6,159
14%
232 Orangeville 206
14%
126 Otterbein 1,829
14%
163 Seton Hill 1,236
14%
223 The Orchards 453
14%
52 Upton 4,148
14%
80 Armistead Gardens 2,864
11%
210 Bellona-Gittings 616
11%
26 Broadway East 6,629
11%
155 Chinquapin Park 1,309
11%
51 Cross Country 4,150
11%
3 Dickeyville 47,687
11%
75 East Baltimore Midway 3,035
11%
56 Edmondson Village 3,927
11%
227 Evergreen 390
11%
49 Fallstaff 4,193
11%
141 Forest Park 1,561
11%
58 Harlem Park 3,663
11%
157 Hunting Ridge 1,288
11%
106 Madison Park 2,137
11%
47 McElderry Park 4,477
11%
235 Montebello 121
11%
48 Morrell Park 4,204
11%
146 North Roland Park 1,426
11%
169 Oakenshawe 1,177
11%
178 Old Goucher 1,047
11%
50 Oliver 4,167
11%
7 Union Square 23,560
11%
112 Washington Hill 2,024
11%
82 Westgate 2,841
11%
137 Westport 1,587
11%
4 Allendale 47,644
9%
164 Arcadia 1,230
9%
74 Arlington 3,065
9%
97 Ashburton 2,446
9%
55 Beechfield 3,789
9%
68 Blythewood 3,148
9%
135 Cameron Village 1,623
9%
65 Cedonia 3,310
9%
159 Central Forest Park 1,274
9%
30 Central Park Heights 6,032
9%
86 Coppin Heights 2,678
9%
89 Cylburn 2,639
9%
129 Dorchester 1,782
9%
98 East Arlington 2,430
9%
136 Easterwood 1,605
9%
6 Four By Four 31,701
9%
1 Frankford 51,561
9%
158 Franklintown 1,282
9%
76 Glen Oaks 3,012
9%
119 Grove Park 1,940
9%
45 Irvington 4,548
9%
118 Johnston Square 1,954
9%
209 Keswick 625
9%
43 Lakeland 4,602
9%
102 Medfield 2,348
9%
57 Mid-Town Belvedere 3,866
9%
128 Millhill 1,790
9%
42 New Northwood 4,961
9%
162 Original Northwood 1,243
9%
72 Pen Lucy 3,080
9%
77 Perring Loch 2,998
9%
204 Radnor-Winston 687
9%
132 Ramblewood 1,701
9%
73 Rosemont 3,068
9%
236 Saint Paul 114
9%
221 Villages of Homeland 520
9%
83 Violetville 2,838
9%
130 Wakefield 1,770
9%
200 Wilson Park 722
9%
142 Windsor Hills 1,546
9%
176 Wyman Park 1,128
9%
190 Wyndhurst 796
9%
191 Beverly Hills 791
6%
189 Boyd-Booth 819
6%
116 Bridgeview-Greenlawn 1,990
6%
59 Carrollton Ridge 3,644
6%
167 Darley Park 1,194
6%
183 Dunbar-Broadway 906
6%
203 Evesham Park 698
6%
230 Fairmont 326
6%
140 Garwyn Oaks 1,572
6%
110 Gay Street 2,041
6%
53 Greenspring 4,030
6%
91 Hanlon-Longwood 2,608
6%
103 Hillen 2,333
6%
87 Idlewood 2,668
6%
201 Kernewood 718
6%
215 Lake Evesham 541
6%
108 Lake Walker 2,057
6%
95 Madison-Eastend 2,491
6%
145 Mid-Govans 1,466
6%
134 Midtown-Edmondson 1,674
6%
138 Mosher 1,586
6%
160 Mount Holly 1,273
6%
195 Oaklee 769
6%
193 Overlea 789
6%
170 Panway 1,176
6%
237 Port Covington 109
6%
238 Purnell 59
6%
114 Reisterstown Station 2,010
6%
185 Ridgely's Delight 887
6%
133 Rognel Heights 1,690
6%
226 Rosebank 397
6%
212 Saint Helena 595
6%
187 Sharp-Leadenhall 832
6%
198 South Clifton Park 726
6%
147 Ten Hills 1,418
6%
154 Towanda-Grantley 1,320
6%
99 Walbrook 2,422
6%
111 West Arlington 2,039
6%
100 West Forest Park 2,401
6%
94 West Hills 2,523
6%
127 Woodbourne Heights 1,794
6%
182 Woodbourne-McCabe 908
6%
107 Woodmere 2,092
6%
224 Barre Circle 448
3%
199 Burleith-Leighton 725
3%
151 Carroll-South Hilton 1,373
3%
92 Cedmont 2,597
3%
105 Dolfield 2,154
3%
61 Ellwood Park-Monument 3,552
3%
174 Evergreen Lawn 1,138
3%
78 Franklin Square 2,957
3%
168 Gwynns Falls 1,182
3%
17 Hamilton Hills 9,712
3%
179 Heritage Crossing 1,023
3%
124 Hollins Market 1,834
3%
166 Kenilworth Park 1,214
3%
225 Kresson 440
3%
175 Langston Hughes 1,132
3%
165 Levindale 1,215
3%
194 Liberty Square 770
3%
214 Lucille Park 565
3%
186 Mayfield 861
3%
231 Morgan Park 267
3%
196 Mount Winans 732
3%
38 North Harford Road 5,313
3%
208 O'Donnell Heights 631
3%
213 Orchard Ridge 567
3%
70 Park Circle 3,145
3%
109 Parklane 2,046
3%
85 Parkside 2,693
3%
117 Parkview-Woodbrook 1,988
3%
66 Penrose 3,283
3%
71 Poppleton 3,095
3%
206 Richnor Springs 678
3%
218 Saint Agnes 532
3%
113 Saint Josephs 2,019
3%
18 Sandtown-Windchester 9,174
3%
88 Shipley Hill 2,640
3%
148 Stonewood-Pentwood 1,411
3%
181 Tremont 955
3%
188 Uplands 824
3%
24 Waltherson 6,965
3%
69 Westfield 3,146
3%
153 Winston-Govans 1,346
3%
216 Wrenlane 540
3%
79 Yale Heights 2,916
3%
220 York-Homeland 527
3%
234 Belair-Parkside 123
0%
161 Biddle Street 1,246
0%
131 Broening Manor 1,710
0%
121 Callaway-Garrison 1,926
0%
172 CARE 1,159
0%
228 Downtown West 361
0%
217 Eastwood 533
0%
101 Edgewood 2,358
0%
120 Franklintown Road 1,933
0%
27 Glenham-Belhar 6,177
0%
115 Graceland Park 2,002
0%
150 Medford 1,393
0%
63 Mondawman 3,543
0%
180 Moravia-Walther 997
0%
122 Rosemont East 1,866
0%
229 Taylor Heights 352
0%
41 Washington Village 5,113
0%
219 Wilhelm Park 530
0%
No matching quizzes found
Score Distribution
Percent of People with Each Score
Percentile by Number Answered
Your Score History
You have not taken this quiz